| 000 | 00544cam a2200193 4500 | ||
|---|---|---|---|
| 008 | 000000n2000 000 0 eng u | ||
| 020 | _a1860813615 | ||
| 035 | _a(Sirsi) u105307 | ||
| 050 | _a690 | ||
| 110 | _aBuilding Research Establishment | ||
| 245 | _aCorrosion of steel in concrete : investigation and assessment. | ||
| 260 |
_aLondon _bCRC _c2000 |
||
| 300 | _a16p. ; 30cm. | ||
| 490 |
_aBRE Digest _v444, Part 2 |
||
| 650 | _aREINFORCED CONCRETE | ||
| 650 | _aSTEEL REINFORCEMENT | ||
| 690 | _aBUILT ENVIRONMENT | ||
| 942 | _n0 | ||
| 999 |
_c100355 _d100355 |
||